[Event "FICGS W-ch final email"]
[Site "FICGS email"]
[Date "2013.03.24"]
[Round "1"]
[White "Drozel, Horst"]
[Black "Fric, Lubos"]
[Result "1-0"]
[WhiteElo "2077"]
[BlackElo "2322"]
[PlyCount "49"]
[EventDate "2013.??.??"]
[EventType "tourn (corr)"]
[EventRounds "6"]
[EventCategory "5"]
[SourceTitle "Corr 2022"]
[Source "ChessBase"]
[SourceDate "2021.10.24"]
[SourceVersion "1"]
[SourceVersionDate "2021.10.24"]
[SourceQuality "1"]

1. e4 e5 2. Nf3 Nc6 3. Bb5 a6 4. Ba4 Nf6 5. 0-0 b5 6. Bb3 Bb7 7. Re1 Bc5 8. c3 0-0 9. d4 Bb6 10. Bg5 d6 11. a4 h6 12. Bh4 exd4 13. cxd4 g5 14. Nxg5 hxg5 15. Bxg5 Bxd4 16. Bd5 Bxb2 17. Ra2 Be5 18. Ra3 b4 19. Rh3 Re8 20. Rh6 Rf8 21. Bxf6 Qxf6 22. Rxf6 Bxf6 23. Re3 Rfe8 24. Qh5 Ne5 25. Bxb7 1-0

[Event "FICGS W-ch st1 g08 email"]
[Site "FICGS email"]
[Date "2012.11.01"]
[Round "1"]
[White "Kasznia, Ireneusz"]
[Black "Drozel, Horst"]
[Result "0-1"]
[WhiteElo "1987"]
[BlackElo "1985"]
[PlyCount "52"]
[EventDate "2012.??.??"]
[EventType "tourn (corr)"]
[EventRounds "8"]
[SourceTitle "Corr 2022"]
[Source "ChessBase"]
[SourceDate "2021.10.24"]
[SourceVersion "1"]
[SourceVersionDate "2021.10.24"]
[SourceQuality "1"]

1. c4 e5 2. Nc3 Nf6 3. Nf3 Nc6 4. g3 d5 5. cxd5 Nxd5 6. Bg2 Nb6 7. 0-0 Be7 8. d3 0-0 9. Be3 Be6 10. Rc1 Re8 11. Ne4 a5 12. a3 a4 13. Qc2 Bb3 14. Qd2 Nd7 15. Bh3 g6 16. Qc3 f5 17. Ned2 Be6 18. Bh6 Ra5 19. Qc2 Nc5 20. Bg2 g5 21. Qc3 Rb5 22. h4 gxh4 23. gxh4 Bf6 24. Qc2 Bxh4 25. Rcd1 Kh8 26. Be3 Nb3 0-1

[Event "FICGS W-ch st1 g03 email"]
[Site "FICGS email"]
[Date "2010.07.02"]
[Round "1"]
[White "Drozel, Horst"]
[Black "Oraha, Zaki"]
[Result "0-1"]
[WhiteElo "1800"]
[BlackElo "1408"]
[PlyCount "42"]
[EventDate "2010.??.??"]
[EventType "tourn (corr)"]
[EventRounds "6"]
[SourceTitle "Corr 2013"]
[Source "ChessBase"]
[SourceDate "2012.11.12"]
[SourceVersion "1"]
[SourceVersionDate "2012.11.12"]
[SourceQuality "1"]

1. e4 e6 2. d4 d5 3. Nc3 Bb4 4. e5 c5 5. a3 Bxc3+ 6. bxc3 Nc6 7. Qg4 Nge7 8. Qxg7 Rg8 9. Qxh7 Qc7 10. Qd3 Bd7 11. Rb1 0-0-0 12. h4 Kb8 13. h5 Be8 14. h6 f6 15. exf6 Ng6 16. Qg3 Qxg3 17. fxg3 cxd4 18. cxd4 Nxd4 19. Nf3 Nxc2+ 20. Kd2 e5 21. Kxc2 Rd6 0-1

[Event "FICGS W-ch st1 g03 email"]
[Site "FICGS email"]
[Date "2010.07.02"]
[Round "1"]
[White "Willoughby, Peter"]
[Black "Drozel, Horst"]
[Result "1-0"]
[WhiteElo "1214"]
[BlackElo "1800"]
[PlyCount "25"]
[EventDate "2010.??.??"]
[EventType "tourn (corr)"]
[EventRounds "6"]
[SourceTitle "Corr 2013"]
[Source "ChessBase"]
[SourceDate "2012.11.12"]
[SourceVersion "1"]
[SourceVersionDate "2012.11.12"]
[SourceQuality "1"]

1. d4 d5 2. Nf3 Nf6 3. e3 e6 4. Bd3 c5 5. b3 Nc6 6. Bb2 Bd6 7. Ne5 cxd4 8. Nxc6 bxc6 9. exd4 0-0 10. 0-0 c5 11. Nd2 cxd4 12. Bxd4 e5 13. Bb2 1-0